000 00585nam a22001817a 4500
005 20250723111556.0
010 _aENG-146075
020 _c150.00
035 _aEN-129607
037 _bDBAD
082 _a301.154
_21
245 _aMahatma Gandhi:
_cTransalated By Anandaprasad Roy
_bIn Quest of Communal Harmony/
260 _aKolkata
_bSahityika
_c2021
270 _aAnanda Niketan 202/2, Shri Ramkrishna Sarani New Barrackpore
_bKolkata
_e700131
300 _a196p.
_c22cm(pb)
700 _aRoy, Anandaprasad
_eTranslator
_983163
942 _2ddc
_cEN
_mMAH
_h301.154
999 _c212479
_d212479